[Event "Paul Keres mem (23rd)"]
[Site "Vancouver CAN"]
[Date "1998.05.16"]
[Round "3"]
[White "Martinovsky, Ian"]
[Black "Keshet, Joshua"]
[Result "1-0"]
[WhiteElo "2107"]
[BlackElo "1835"]
[PlyCount "63"]
[GameId "2160767911873121"]
[EventDate "1998.05.15"]
[EventType "swiss"]
[EventRounds "7"]
[EventCountry "CAN"]

1. Nf3 d5 2. g3 Nf6 3. Bg2 c5 4. O-O e6 5. d3 Be7 6. c4 O-O 7. Nc3 Nc6 8. Bg5 h6 9. Bd2 Re8 10. h3 Bf8 11. Nh2 d4 12. Nb5 a6 13. Na3 e5 14. g4 Bd6 15. g5 hxg5 16. Bxg5 Bf5 17. e4 Bg6 18. Qd2 Be7 19. f4 Nh5 20. Bxe7 Qxe7 21. f5 Bh7 22. Ng4 Nf4 23. Rf3 Qg5 24. Qf2 Nb4 25. Bf1 Rac8 26. Kh2 Rc6 27. Nxe5 Rxe5 28. Rxf4 Rh6 29. Be2 Qe7 30. Rg1 Qd6 31. Qg3 g6 32. Qg5 1-0

[Event "Paul Keres mem (23rd)"]
[Site "Vancouver CAN"]
[Date "1998.05.16"]
[Round "3"]
[White "Martinson, Rick"]
[Black "Monteith, Donald"]
[Result "1/2-1/2"]
[WhiteElo "1767"]
[BlackElo "1890"]
[PlyCount "100"]
[GameId "2160767911873122"]
[EventDate "1998.05.15"]
[EventType "swiss"]
[EventRounds "7"]
[EventCountry "CAN"]

1. d4 d5 2. c4 c6 3. Nc3 Nf6 4. Nf3 dxc4 5. a4 Bg4 6. e3 e6 7. Bxc4 Bb4 8. O-O O-O 9. h3 Bh5 10. Be2 Nbd7 11. Qc2 Bg6 12. Bd3 Bxd3 13. Qxd3 Re8 14. Ne4 Nxe4 15. Qxe4 Nf6 16. Qc2 Rc8 17. Rd1 Qe7 18. Bd2 c5 19. Bxb4 cxb4 20. Qb3 a5 21. Ne5 Qc7 22. Qd3 Red8 23. e4 Qc2 24. f3 Qxb2 25. Nc4 Qc3 26. Nxa5 b6 27. Nb3 Qxd3 28. Rxd3 Rc3 29. Rxc3 bxc3 30. Rc1 Rc8 31. Kf1 Kf8 32. Ke2 Nh5 33. Ke3 g5 34. Rc2 Ke7 35. Nc1 Rc4 36. Ne2 Rxa4 37. Rxc3 b5 38. Rb3 b4 39. Kd3 Nf6 40. Nc1 h5 41. Kc2 h4 42. Nd3 Nh5 43. Rb2 b3+ 44. Kc3 Ng3 45. Nc5 Ra2 46. Kxb3 Rxb2+ 47. Kxb2 Nf1 48. Nd3 Ne3 49. Ne1 f5 50. Kc3 Kd6 1/2-1/2

[Event "Paul Keres mem (23rd)"]
[Site "Vancouver CAN"]
[Date "1998.05.16"]
[Round "3"]
[White "McLaren, Sean"]
[Black "Booker, Brad"]
[Result "1-0"]
[WhiteElo "1904"]
[BlackElo "2187"]
[PlyCount "105"]
[GameId "2160767911873123"]
[EventDate "1998.05.15"]
[EventType "swiss"]
[EventRounds "7"]
[EventCountry "CAN"]

1. Nf3 Nf6 2. c4 g6 3. g3 Bg7 4. Bg2 O-O 5. d4 d6 6. O-O c6 7. Nc3 Nbd7 8. e4 Qc7 9. Re1 e5 10. b3 Re8 11. Bb2 b6 12. Qd2 Bb7 13. Rad1 Rad8 14. Re2 a6 15. Qe1 Bf8 16. Ba1 Qb8 17. Bb2 Qa8 18. Bh1 b5 19. Nb1 exd4 20. Bxd4 c5 21. Bxf6 Nxf6 22. Nfd2 b4 23. f3 Nd7 24. Nf1 Ne5 25. Ne3 Nc6 26. Nd5 Re5 27. f4 Rxd5 28. exd5 Nd4 29. Re4 Bg7 30. Qf1 Bc8 31. Rd2 Bf5 32. Re1 Nc2 33. Rxc2 Bxc2 34. Be4 Bd4+ 35. Kh1 Bxe4+ 36. Rxe4 Qc8 37. Nd2 Qf5 38. Qe2 Kf8 39. Kg2 Bf6 40. Nf3 a5 41. h3 h5 42. h4 a4 43. Ng5 axb3 44. axb3 Ra8 45. Qc2 Kg7 46. Nf3 Ra3 47. Nd2 Bc3 48. Nb1 Rxb3 49. Nxc3 Rxc3 50. Qe2 b3 51. Qe1 b2 52. Qxc3+ Kh6 53. Qh8# 1-0

[Event "Paul Keres mem (23rd)"]
[Site "Vancouver CAN"]
[Date "1998.05.16"]
[Round "3"]
[White "Orlov, Georgi"]
[Black "Ljubisavljevic, Zivojin"]
[Result "1-0"]
[WhiteElo "2584"]
[BlackElo "2496"]
[PlyCount "45"]
[GameId "2160767911873124"]
[EventDate "1998.05.15"]
[EventType "swiss"]
[EventRounds "7"]
[EventCountry "CAN"]

1. d4 Nf6 2. c4 g6 3. Nc3 d5 4. Nf3 Bg7 5. Qb3 dxc4 6. Qxc4 O-O 7. e4 a6 8. Qb3 b6 9. e5 Ng4 10. h3 Nh6 11. Bf4 Bb7 12. d5 Nd7 13. Rd1 Kh8 14. Be2 Nc5 15. Qc2 a5 16. Qc1 Ng8 17. h4 f6 18. e6 h6 19. Qc2 f5 20. Ne5 Bxe5 21. Bxe5+ Kh7 22. h5 g5 23. Bg4 1-0

[Event "Paul Keres mem (23rd)"]
[Site "Vancouver CAN"]
[Date "1998.05.16"]
[Round "3"]
[White "Ottosen, David"]
[Black "Milat, Marcel"]
[Result "0-1"]
[WhiteElo "2191"]
[BlackElo "2346"]
[PlyCount "68"]
[GameId "2160767911873125"]
[EventDate "1998.05.15"]
[EventType "swiss"]
[EventRounds "7"]
[EventCountry "CAN"]

1. e4 c5 2. Nf3 Nc6 3. Nc3 g6 4. d4 cxd4 5. Nxd4 Bg7 6. Be3 Nf6 7. Be2 O-O 8. Nb3 d6 9. f4 Be6 10. g4 d5 11. e5 d4 12. exf6 Bxf6 13. Ne4 dxe3 14. Nxf6+ exf6 15. c3 Bxb3 16. axb3 Qc7 17. O-O Rad8 18. Bd3 Qd6 19. Be2 Qc5 20. Qe1 Rd2 21. b4 Qb6 22. b3 Ne7 23. Bc4 Nd5 24. Bxd5 Rxd5 25. c4 Rd3 26. c5 Qe6 27. Qe2 Rxb3 28. b5 Rd8 29. Rfd1 Rd2 30. Rxd2 exd2 31. Kf2 Qd5 32. c6 bxc6 33. bxc6 Qd4+ 34. Kg2 Qxa1 0-1

[Event "Paul Keres mem (23rd)"]
[Site "Vancouver CAN"]
[Date "1998.05.16"]
[Round "3"]
[White "Pitre, Hanniegn"]
[Black "Taylor, Nicholas"]
[Result "1-0"]
[WhiteElo "1979"]
[BlackElo "1831"]
[PlyCount "50"]
[GameId "2160767911873126"]
[EventDate "1998.05.15"]
[EventType "swiss"]
[EventRounds "7"]
[EventCountry "CAN"]

1. e4 c5 2. Nf3 e6 3. d4 cxd4 4. Nxd4 Nc6 5. Be2 Qc7 6. Nc3 a6 7. Be3 Nf6 8. O-O Be7 9. f4 d6 10. Kh1 Bd7 11. Qe1 b5 12. a3 Rc8 13. Qg3 Nxd4 14. Bxd4 Bc6 15. e5 Ne4 16. Qxg7 Rf8 17. f5 dxe5 18. Bxe5 Bd6 19. Bxd6 Qxd6 20. Rad1 Qc5 21. fxe6 Nf2+ 22. Rxf2 Qxf2 23. exf7+ Qxf7 24. Qe5+ Qe7 25. Bh5+ Rf7 1-0

[Event "Paul Keres mem (23rd)"]
[Site "Vancouver CAN"]
[Date "1998.05.16"]
[Round "3"]
[White "Samani, Arash"]
[Black "Kuczaj, Chris"]
[Result "1/2-1/2"]
[WhiteElo "2219"]
[BlackElo "2108"]
[PlyCount "81"]
[GameId "2160767911873127"]
[EventDate "1998.05.15"]
[EventType "swiss"]
[EventRounds "7"]
[EventCountry "CAN"]

1. Nf3 c5 2. g3 g6 3. Bg2 Bg7 4. e4 Nc6 5. O-O d6 6. d3 Nf6 7. Nc3 O-O 8. Ne1 Bg4 9. f3 Be6 10. Ne2 d5 11. Nf4 Bc8 12. exd5 Nxd5 13. Nxd5 Qxd5 14. f4 Qd6 15. c3 Be6 16. Qf3 Rad8 17. Be3 c4 18. d4 Qc7 19. Qe2 b5 20. Rd1 Bd5 21. f5 gxf5 22. Rxf5 e6 23. Rh5 Bxg2 24. Qxg2 e5 25. Qc2 f5 26. Rxf5 exd4 27. Rxf8+ Rxf8 28. cxd4 Qe7 29. Ng2 Nb4 30. Qd2 Nd3 31. Rf1 Rxf1+ 32. Kxf1 Qb4 33. Qe2 Qxb2 34. Qh5 Qb1+ 35. Ke2 Qxa2+ 36. Kf3 Qa6 37. Qd5+ Kf8 38. Qd8+ Kf7 39. Qd7+ Kf8 40. Qd8+ Kf7 41. Qd7+ 1/2-1/2

[Event "Paul Keres mem (23rd)"]
[Site "Vancouver CAN"]
[Date "1998.05.16"]
[Round "3"]
[White "Skulsky, Ian"]
[Black "Wong, Samuel"]
[Result "1-0"]
[WhiteElo "2192"]
[BlackElo "1926"]
[PlyCount "69"]
[GameId "2160767911873129"]
[EventDate "1998.05.15"]
[EventType "swiss"]
[EventRounds "7"]
[EventCountry "CAN"]

1. Nf3 Nf6 2. c4 c5 3. Nc3 Nc6 4. g3 e6 5. Bg2 Be7 6. O-O d5 7. cxd5 Nxd5 8. d4 Nxc3 9. bxc3 O-O 10. e4 b6 11. d5 Na5 12. Qd3 Nb7 13. c4 exd5 14. cxd5 f6 15. Bb2 Nd6 16. Nd2 Nf7 17. f4 Bd6 18. Rfe1 Re8 19. Nf3 Qc7 20. e5 fxe5 21. fxe5 Bf8 22. Rac1 Rb8 23. a4 Bg4 24. e6 Nd6 25. Be5 Bxf3 26. Bxf3 Be7 27. Be4 h6 28. Bg6 Rf8 29. Bf7+ Rxf7 30. exf7+ Kxf7 31. Rf1+ Kg8 32. Qg6 Bf8 33. Qe6+ Kh7 34. Rxf8 Rxf8 35. Bxd6 1-0

[Event "Paul Keres mem (23rd)"]
[Site "Vancouver CAN"]
[Date "1998.05.16"]
[Round "3"]
[White "Slambor, Jiri"]
[Black "Neufeld, John"]
[Result "0-1"]
[WhiteElo "1829"]
[BlackElo "1977"]
[PlyCount "94"]
[GameId "2160767911873130"]
[EventDate "1998.05.15"]
[EventType "swiss"]
[EventRounds "7"]
[EventCountry "CAN"]

1. e4 c5 2. Nf3 d6 3. d4 cxd4 4. Nxd4 Nf6 5. Nc3 a6 6. Be3 g6 7. a4 Nc6 8. Bc4 Bg7 9. f3 O-O 10. O-O Bd7 11. Qd2 Rc8 12. Nxc6 Bxc6 13. Rab1 Qc7 14. Rfc1 Nd7 15. Bd5 e6 16. Bxc6 bxc6 17. Ne2 d5 18. Ng3 Be5 19. f4 Bg7 20. c3 Rfd8 21. exd5 cxd5 22. Ne2 Nc5 23. Bxc5 Qxc5+ 24. Kh1 Rd7 25. b4 Qc4 26. Rc2 Rdc7 27. Rbc1 Qb3 28. a5 Qc4 29. h3 h5 30. h4 Bf6 31. g3 Qe4+ 32. Kh2 Rc4 33. Re1 Qf3 34. Ng1 Qg4 35. Qe2 Bxc3 36. Qxg4 hxg4 37. Rb1 Bxb4 38. Rxc4 Rxc4 39. Ra1 Rc5 40. Ra2 Rxa5 41. Rxa5 Bxa5 42. Ne2 Bb6 43. Nc3 d4 44. Na4 d3 45. Nb2 d2 46. Kg2 a5 47. Kf1 a4 0-1

[Event "Paul Keres mem (23rd)"]
[Site "Vancouver CAN"]
[Date "1998.05.16"]
[Round "3"]
[White "Spraggett, Kevin"]
[Black "Milicevic, Dragoljub"]
[Result "1-0"]
[WhiteElo "2633"]
[BlackElo "2345"]
[PlyCount "71"]
[GameId "2160767911873131"]
[EventDate "1998.05.15"]
[EventType "swiss"]
[EventRounds "7"]
[EventCountry "CAN"]

1. e4 d5 2. exd5 Nf6 3. Nf3 Nxd5 4. d4 g6 5. Be2 Bg7 6. O-O O-O 7. Re1 Nb6 8. a4 a5 9. c3 Nc6 10. Bb5 Na7 11. Bf1 Nc6 12. Bf4 h6 13. Nbd2 Nd5 14. Bg3 Bg4 15. h3 Bf5 16. Nc4 g5 17. Qb3 Qc8 18. Nfe5 Nxe5 19. Bxe5 Be6 20. Bxg7 Kxg7 21. Re5 c6 22. Rae1 b5 23. axb5 a4 24. Qa3 cxb5 25. Ne3 b4 26. cxb4 Nf4 27. Rc5 Qd7 28. d5 Bxh3 29. gxh3 Nxh3+ 30. Bxh3 Qxh3 31. Qc3+ Kg8 32. Qe5 Ra6 33. Qxe7 Rg6 34. Rc6 g4 35. Nf5 Qh5 36. Qxf8+ 1-0

[Event "Paul Keres mem (23rd)"]
[Site "Vancouver CAN"]
[Date "1998.05.16"]
[Round "3"]
[White "Vetemaa, Juri"]
[Black "Cabanas, Francisco"]
[Result "1-0"]
[WhiteElo "2500"]
[BlackElo "2051"]
[PlyCount "109"]
[GameId "2160767911873132"]
[EventDate "1998.05.15"]
[EventType "swiss"]
[EventRounds "7"]
[EventCountry "CAN"]

1. e4 d5 2. exd5 Nf6 3. Bb5+ Bd7 4. Bc4 Bg4 5. f3 Bc8 6. Nc3 Nbd7 7. d4 Nb6 8. Bb3 Nfxd5 9. Nge2 Nxc3 10. Nxc3 e6 11. O-O Be7 12. Be3 O-O 13. Qe2 a5 14. a3 Nd5 15. Bf2 Nxc3 16. bxc3 a4 17. Bc4 Bd7 18. Rfe1 Bd6 19. Bg3 Bxg3 20. hxg3 c5 21. d5 exd5 22. Bxd5 Rb8 23. Qc4 Qc7 24. Re7 Qd6 25. Rxf7 Rxf7 26. Bxf7+ Kh8 27. Qd5 Qxd5 28. Bxd5 b5 29. Re1 Re8 30. Kf2 g5 31. Rxe8+ Bxe8 32. Ke3 Kg7 33. Kd2 Kf6 34. c4 b4 35. axb4 a3 36. Kc1 cxb4 37. c5 Ke5 38. Be4 Bg6 39. Kb1 Ke6 40. g4 Kd7 41. Bd5 Kc7 42. g3 h5 43. gxh5 Bxh5 44. Ka2 Be8 45. c3 bxc3 46. Kxa3 Bg6 47. Be4 c2 48. Kb2 Bxe4 49. fxe4 Kc6 50. Kxc2 Kxc5 51. Kc3 Kd6 52. Kd4 g4 53. e5+ Ke6 54. Ke4 Ke7 55. Kf4 1-0

[Event "Paul Keres mem (23rd)"]
[Site "Vancouver CAN"]
[Date "1998.05.16"]
[Round "3"]
[White "Ward, Roderick"]
[Black "Hempson, Peter"]
[Result "0-1"]
[WhiteElo "2063"]
[BlackElo "2254"]
[PlyCount "50"]
[GameId "2160767911873133"]
[EventDate "1998.05.15"]
[EventType "swiss"]
[EventRounds "7"]
[EventCountry "CAN"]

1. e4 e6 2. d4 d5 3. e5 c5 4. c3 Bd7 5. Be3 Qb6 6. Qd2 Bb5 7. dxc5 Bxc5 8. Bxb5+ Qxb5 9. Bxc5 Qxc5 10. Qg5 Ne7 11. Nd2 Ng6 12. Ngf3 Nd7 13. O-O O-O 14. h4 f6 15. exf6 Rxf6 16. Rae1 Raf8 17. Qg4 Nf4 18. h5 Qd6 19. Rd1 Ne5 20. Qh4 Nxg2 21. Kxg2 Nxf3 22. Nxf3 Rxf3 23. h6 R8f6 24. hxg7 Rg6+ 25. Kh1 Rff6 0-1

[Event "Paul Keres mem (23rd)"]
[Site "Vancouver CAN"]
[Date "1998.05.17"]
[Round "4"]
[White "Berg, Michael"]
[Black "Slambor, Jiri"]
[Result "1-0"]
[WhiteElo "1550"]
[BlackElo "1829"]
[PlyCount "113"]
[GameId "2160767911873134"]
[EventDate "1998.05.15"]
[EventType "swiss"]
[EventRounds "7"]
[EventCountry "CAN"]

1. d4 d5 2. c4 e6 3. Nf3 Nf6 4. Bg5 c5 5. cxd5 exd5 6. Nbd2 h6 7. Bf4 Nc6 8. e3 Qb6 9. dxc5 Bxc5 10. Be2 Bf5 11. O-O O-O 12. Nb3 Ne4 13. Qxd5 Ne7 14. Qc4 Rac8 15. Qb5 Qxb5 16. Bxb5 a6 17. Be2 Nd5 18. Be5 b5 19. Rfd1 Nb4 20. Nxc5 Rxc5 21. a3 Nc6 22. Bd6 Nxd6 23. Rxd6 Rc8 24. b4 Rc3 25. h3 Ne7 26. Nd4 Ra8 27. Nxf5 Nxf5 28. Bf3 Nxd6 29. Bxa8 Nc4 30. Bb7 a5 31. bxa5 Nxa5 32. Bd5 Rc5 33. e4 Nc4 34. Rc1 Rc8 35. a4 Nb6 36. Rxc8+ Nxc8 37. axb5 Kf8 38. Kf1 Ke7 39. Ke2 f6 40. Kd3 g5 41. g4 Kd6 42. Kc4 Kc7 43. Kc5 Ne7 44. b6+ Kb8 45. b7 Ng6 46. Kd4 Nf4 47. f3 Nxh3 48. e5 fxe5+ 49. Kxe5 Nf4 50. Be4 h5 51. gxh5 Nxh5 52. Kf5 Ng3+ 53. Kxg5 Nxe4+ 54. fxe4 Kxb7 55. Kf6 Kc7 56. e5 Kd7 57. Kf7 1-0

[Event "Paul Keres mem (23rd)"]
[Site "Vancouver CAN"]
[Date "1998.05.17"]
[Round "4"]
[White "Bince, Rolando"]
[Black "Ferguson, Jim"]
[Result "0-1"]
[WhiteElo "1818"]
[BlackElo "2256"]
[PlyCount "110"]
[GameId "2160767911873135"]
[EventDate "1998.05.15"]
[EventType "swiss"]
[EventRounds "7"]
[EventCountry "CAN"]

1. e4 c5 2. Nf3 d6 3. d4 cxd4 4. Nxd4 Nf6 5. Nc3 a6 6. Bg5 e6 7. Be2 Be7 8. Qd2 Qc7 9. a3 Nbd7 10. h3 b5 11. O-O Bb7 12. Rfe1 h6 13. Bxf6 Nxf6 14. Rad1 O-O 15. Bd3 Rac8 16. f4 Rfd8 17. Kh1 Qb6 18. Nb3 b4 19. axb4 Qxb4 20. Qe2 Qb6 21. Ra1 Ra8 22. Ra4 d5 23. e5 Nd7 24. Rea1 Nc5 25. Nxc5 Bxc5 26. Nd1 a5 27. Bb5 Rdc8 28. Kh2 Rc7 29. c3 Rcc8 30. h4 d4 31. c4 Qd8 32. Kh3 d3 33. Qd2 Qd4 34. Nc3 Rd8 35. Re1 Bb4 36. Rd1 Bxc3 37. bxc3 Qc5 38. Ra2 h5 39. Rb1 Be4 40. Ra4 Qe7 41. Re1 Bf5+ 42. Kg3 f6 43. Bc6 Rac8 44. Bb5 Qf7 45. Re3 Qg6+ 46. Kh2 Qg4 47. g3 Qh3+ 48. Kg1 fxe5 49. c5 e4 50. Rd4 Rd5 51. Rxd5 exd5 52. c6 Rb8 53. c4 d4 54. c7 Rc8 55. Rxd3 exd3 0-1

[Event "Paul Keres mem (23rd)"]
[Site "Vancouver CAN"]
[Date "1998.05.17"]
[Round "4"]
[White "Cabanas, Francisco"]
[Black "Samani, Arash"]
[Result "1-0"]
[WhiteElo "2051"]
[BlackElo "2219"]
[PlyCount "87"]
[GameId "2160767911873136"]
[EventDate "1998.05.15"]
[EventType "swiss"]
[EventRounds "7"]
[EventCountry "CAN"]

1. e4 c5 2. Nc3 e6 3. g3 Nc6 4. Bg2 g6 5. d3 Bg7 6. Be3 d6 7. Qd2 a6 8. Nge2 Rb8 9. Nd1 Nge7 10. c3 b5 11. Bh6 O-O 12. h4 d5 13. h5 dxe4 14. Bxg7 Kxg7 15. hxg6 hxg6 16. Qh6+ Kf6 17. dxe4 e5 18. Ne3 Be6 19. g4 Ng8 20. Qh8+ Ke7 21. Nd5+ Bxd5 22. exd5 Nf6 23. Qh4 Na5 24. O-O-O Qd6 25. Qg5 b4 26. f4 exf4 27. Nxf4 bxc3 28. bxc3 c4 29. Kd2 Rb2+ 30. Ke3 Kd7 31. Kf3 Rc2 32. Rc1 Rxc1 33. Rxc1 Re8 34. Rd1 Qe7 35. Ne6 Nh7 36. Qxe7+ Rxe7 37. Nc5+ Kd6 38. Ne4+ Kd7 39. Kf4 f6 40. Rh1 Nb7 41. Rxh7 g5+ 42. Ke3 Nd8 43. Rxe7+ Kxe7 44. Bf1 1-0

[Event "Paul Keres mem (23rd)"]
[Site "Vancouver CAN"]
[Date "1998.05.17"]
[Round "4"]
[White "Carlisle, Michael"]
[Black "Kostadinov, George"]
[Result "1/2-1/2"]
[WhiteElo "1831"]
[BlackElo "2297"]
[PlyCount "149"]
[GameId "2160767911873137"]
[EventDate "1998.05.15"]
[EventType "swiss"]
[EventRounds "7"]
[EventCountry "CAN"]

1. e4 c5 2. Nf3 a6 3. c3 d6 4. Be2 Nf6 5. O-O Nc6 6. d3 g6 7. Bg5 Bg7 8. Qd2 O-O 9. Na3 b5 10. Nc2 Rb8 11. Rfe1 b4 12. c4 Nd7 13. Rab1 Qa5 14. a3 Re8 15. axb4 Nxb4 16. Nxb4 Rxb4 17. Be3 Bb7 18. Qc2 Qa2 19. Bd2 Rb6 20. Bc3 Bxc3 21. Qxc3 e5 22. Nd2 Nb8 23. b3 Qa3 24. Ra1 Qb4 25. Qc2 Bc6 26. Ra2 a5 27. Rea1 Ra6 28. Nb1 Nd7 29. Nc3 Ra7 30. g3 Rb8 31. Bd1 Nf6 32. Ne2 Ne8 33. Qc3 Qxc3 34. Nxc3 Rba8 35. f4 Nc7 36. Kf2 Ne6 37. Ne2 f5 38. Bc2 Kf7 39. h3 Kf6 40. Kf3 g5 41. Ke3 exf4+ 42. gxf4 fxe4 43. dxe4 gxf4+ 44. Nxf4 Nd4 45. Ne2 Nxc2+ 46. Rxc2 Rb7 47. Rc3 Ke5 48. Nf4 Bxe4 49. Nd3+ Bxd3 50. Kxd3 Rg7 51. Re1+ Kf5 52. Rf1+ Ke6 53. Ke4 Kd7 54. Rff3 Re8+ 55. Kd3 Kc6 56. Rc2 Rb8 57. Rc3 Rbg8 58. Ke3 Rg5 59. Kf4 Rg1 60. Ke4 h5 61. Ke3 h4 62. Kf2 R8g2+ 63. Ke3 Rg3 64. Kf2 R1g2+ 65. Kf1 Rg1+ 66. Kf2 R3g2+ 67. Ke3 Re1+ 68. Kf4 Re7 69. Rfd3 Rf7+ 70. Ke3 Rg6 71. Kd2 Rd7 72. Rf3 Rg2+ 73. Kd3 Rg3 74. Kd2 Rg2+ 75. Kd3 1/2-1/2

[Event "Paul Keres mem (23rd)"]
[Site "Vancouver CAN"]
[Date "1998.05.17"]
[Round "4"]
[White "Keshet, Joshua"]
[Black "Pitre, Hanniegn"]
[Result "1-0"]
[WhiteElo "1835"]
[BlackElo "1979"]
[PlyCount "75"]
[GameId "2160767911873139"]
[EventDate "1998.05.15"]
[EventType "swiss"]
[EventRounds "7"]
[EventCountry "CAN"]

1. e4 c6 2. f4 d5 3. e5 Bf5 4. Nf3 e6 5. d4 c5 6. c3 cxd4 7. cxd4 Nc6 8. a3 Nh6 9. Nc3 Bg4 10. Bb5 Rc8 11. Be3 Nf5 12. Bf2 Be7 13. h3 Bxf3 14. Qxf3 h5 15. O-O Rh6 16. Rac1 Kf8 17. Bxc6 Rxc6 18. b4 Rc4 19. Nb5 a6 20. Rxc4 dxc4 21. Nc3 b5 22. Rd1 Bh4 23. d5 Bxf2+ 24. Qxf2 Qh4 25. d6 Qxf2+ 26. Kxf2 Rh8 27. Ne4 f6 28. Nc5 Kf7 29. Nb7 g5 30. d7 gxf4 31. d8=Q Rxd8 32. Nxd8+ Kg6 33. Nxe6 fxe5 34. Nc5 c3 35. Rc1 Ne3 36. g3 Kf5 37. gxf4 exf4 38. Kf3 1-0

[Event "Paul Keres mem (23rd)"]
[Site "Vancouver CAN"]
[Date "1998.05.17"]
[Round "4"]
[White "Kuczaj, Chris"]
[Black "Adam, Valerian"]
[Result "0-1"]
[WhiteElo "2108"]
[BlackElo "2310"]
[PlyCount "68"]
[GameId "2160767911873140"]
[EventDate "1998.05.15"]
[EventType "swiss"]
[EventRounds "7"]
[EventCountry "CAN"]

1. c4 Nf6 2. Nc3 b6 3. e4 Bb7 4. e5 Ng8 5. d4 d6 6. exd6 cxd6 7. Nf3 Nf6 8. Bg5 Nbd7 9. Be2 h6 10. Be3 e6 11. O-O Be7 12. Nd2 O-O 13. Bf3 d5 14. Re1 Rc8 15. Rc1 Bb4 16. a3 Bxc3 17. Rxc3 a5 18. Bf4 Qe7 19. Qc2 Ba8 20. Be5 Rfd8 21. cxd5 Rxc3 22. bxc3 Nxe5 23. dxe5 Nxd5 24. c4 Nc7 25. Bxa8 Nxa8 26. Qc3 Qd7 27. Ne4 Qd3 28. Qc1 Rd4 29. Qf4 Rxc4 30. h3 Nc7 31. Qg4 Nd5 32. f3 Qd4+ 33. Kh1 Qxe5 34. Qh4 Qc7 0-1

[Event "Paul Keres mem (23rd)"]
[Site "Vancouver CAN"]
[Date "1998.05.17"]
[Round "4"]
[White "Ljubisavljevic, Zivojin"]
[Black "Neufahrt, Gerhard"]
[Result "1-0"]
[WhiteElo "2496"]
[BlackElo "2129"]
[PlyCount "47"]
[GameId "2160767911873142"]
[EventDate "1998.05.15"]
[EventType "swiss"]
[EventRounds "7"]
[EventCountry "CAN"]

1. d4 g6 2. c4 Bg7 3. Nc3 c6 4. e4 d6 5. Be3 Nd7 6. f4 Ndf6 7. Nf3 Ng4 8. Bd2 e5 9. dxe5 Qb6 10. Qe2 dxe5 11. h3 N4f6 12. Be3 Qa5 13. Nxe5 Nxe4 14. Bd2 Ng3 15. Nxc6+ Nxe2 16. Nxa5 Ng3 17. Rh2 Bd4 18. Ne2 Bxb2 19. Rb1 Nxf1 20. Kxf1 Ba3 21. Nc3 a6 22. Nd5 Rb8 23. Nc6 Bf5 24. Re1+ 1-0

[Event "Paul Keres mem (23rd)"]
[Site "Vancouver CAN"]
[Date "1998.05.17"]
[Round "4"]
[White "Long, Hugh"]
[Black "Harris, Philip"]
[Result "1/2-1/2"]
[WhiteElo "1737"]
[BlackElo "2004"]
[PlyCount "69"]
[GameId "2160767911873143"]
[EventDate "1998.05.15"]
[EventType "swiss"]
[EventRounds "7"]
[EventCountry "CAN"]

1. e4 e5 2. Nf3 Nc6 3. Bc4 Nf6 4. O-O Bc5 5. d3 d6 6. Bg5 O-O 7. a3 a6 8. h3 Qe7 9. Nc3 Be6 10. Nd5 Bxd5 11. Bxd5 Nd8 12. Nh4 g6 13. Kh1 Ne6 14. Bxe6 fxe6 15. c3 Bb6 16. Qe2 Rae8 17. f4 exf4 18. Rxf4 e5 19. Rf3 Qe6 20. Bh6 Rf7 21. Raf1 Nh5 22. Kh2 Ree7 23. Rxf7 Rxf7 24. Rxf7 Qxf7 25. Qg4 Qe8 26. Qg5 c6 27. Nf3 Bd8 28. Qg4 Bf6 29. Ng5 Bg7 30. Bxg7 Nxg7 31. Qh4 h5 32. Qf2 Ne6 33. Qf6 Nxg5 34. Qxg5 Kg7 35. Kg1 1/2-1/2

[Event "Paul Keres mem (23rd)"]
[Site "Vancouver CAN"]
[Date "1998.05.17"]
[Round "4"]
[White "McLaren, Sean"]
[Black "Skulsky, Ian"]
[Result "0-1"]
[WhiteElo "1904"]
[BlackElo "2192"]
[PlyCount "48"]
[GameId "2160767911873144"]
[EventDate "1998.05.15"]
[EventType "swiss"]
[EventRounds "7"]
[EventCountry "CAN"]

1. Nf3 c5 2. c4 Nc6 3. d4 cxd4 4. Nxd4 g6 5. g3 Bg7 6. Nf3 Nf6 7. Nc3 O-O 8. Bg2 d6 9. O-O a6 10. Re1 Be6 11. Nd2 d5 12. cxd5 Nxd5 13. Nxd5 Bxd5 14. e4 Be6 15. a4 Rc8 16. Ra3 Nb4 17. Nf3 Qxd1 18. Rxd1 Rfd8 19. Bd2 Nc2 20. Rc3 Bxc3 21. bxc3 Rxc3 22. Rb1 Rxf3 23. Bxf3 Rxd2 24. Rxb7 Ne1 0-1

[Event "Paul Keres mem (23rd)"]
[Site "Vancouver CAN"]
[Date "1998.05.17"]
[Round "4"]
[White "Milat, Marcel"]
[Black "Hallam, John"]
[Result "1-0"]
[WhiteElo "2346"]
[BlackElo "2219"]
[PlyCount "54"]
[GameId "2160767911873145"]
[EventDate "1998.05.15"]
[EventType "swiss"]
[EventRounds "7"]
[EventCountry "CAN"]

1. d4 d5 2. c4 e6 3. Nc3 c6 4. Nf3 dxc4 5. a4 Bb4 6. e3 b5 7. Bd2 a5 8. axb5 Bxc3 9. Bxc3 cxb5 10. b3 Bb7 11. bxc4 b4 12. Bb2 Nf6 13. Bd3 Nbd7 14. O-O O-O 15. Re1 Qc7 16. e4 e5 17. c5 Rfe8 18. Rc1 Ba6 19. c6 Nb6 20. Bxa6 Rxa6 21. Nxe5 a4 22. d5 Qd6 23. Nd3 Rxe4 24. c7 Rxe1+ 25. Qxe1 Ra8 26. Rc6 Qxd5 27. Rxb6 Nd7 1-0

[Event "Paul Keres mem (23rd)"]
[Site "Vancouver CAN"]
[Date "1998.05.17"]
[Round "4"]
[White "Milicevic, Dragoljub"]
[Black "Niksic, John"]
[Result "1-0"]
[WhiteElo "2345"]
[BlackElo "2142"]
[PlyCount "135"]
[GameId "2160767911873146"]
[EventDate "1998.05.15"]
[EventType "swiss"]
[EventRounds "7"]
[EventCountry "CAN"]

1. Nf3 Nf6 2. g3 b6 3. Bg2 Bb7 4. c4 e6 5. d4 Bb4+ 6. Nbd2 O-O 7. O-O Bxd2 8. Bxd2 d6 9. b3 Nbd7 10. Bc3 Be4 11. e3 Qb8 12. Qe2 Qb7 13. Rfd1 Rfe8 14. Bb2 a5 15. Ne1 Bxg2 16. Nxg2 a4 17. f3 axb3 18. axb3 Rxa1 19. Bxa1 d5 20. Nf4 Ra8 21. cxd5 exd5 22. Bb2 Ra2 23. Ra1 Rxa1+ 24. Bxa1 Qa8 25. Bc3 Qa3 26. Qb2 Qxb2 27. Bxb2 g5 28. Nd3 h5 29. Kf2 g4 30. Nb4 Nf8 31. Nc6 Ne6 32. Ba3 Kg7 33. Be7 Ng8 34. f4 Kg6 35. Ba3 Kf5 36. Ke2 Ke4 37. Ne5 Nh6 38. Nd3 Kf5 39. Be7 Ng8 40. Ba3 Nf6 41. Ne5 Nd8 42. Be7 Nb7 43. Nxf7 Na5 44. Bd8 Ne8 45. Nh6+ Kg6 46. Ng8 Nc6 47. Ne7+ Nxe7 48. Bxe7 Kf5 49. Bd8 Ke4 50. Kd2 b5 51. Be7 Ng7 52. Bf6 Nf5 53. Be5 c6 54. Kc3 Nxe3 55. Kb4 Nf1 56. Kc5 Nxh2 57. Kxc6 Nf1 58. f5 Kxf5 59. Kxd5 Nd2 60. b4 Ne4 61. Kc6 Nc3 62. Kc5 Ke4 63. Bf4 Ne2 64. d5 Kf5 65. d6 Ke6 66. Kc6 Nd4+ 67. Kc7 Nf5 68. d7 1-0

[Event "Paul Keres mem (23rd)"]
[Site "Vancouver CAN"]
[Date "1998.05.17"]
[Round "4"]
[White "Ottosen, David"]
[Black "Chapman, Erik"]
[Result "1-0"]
[WhiteElo "2191"]
[BlackElo "2016"]
[PlyCount "59"]
[GameId "2160767911873148"]
[EventDate "1998.05.15"]
[EventType "swiss"]
[EventRounds "7"]
[EventCountry "CAN"]

1. e4 c5 2. Nf3 Nc6 3. Nc3 d6 4. d4 cxd4 5. Nxd4 Nf6 6. Bg5 e5 7. Bxf6 gxf6 8. Nb3 f5 9. Bc4 Qg5 10. O-O Rg8 11. g3 f4 12. Nd5 Bg4 13. Qxg4 Qxg4 14. Nf6+ Ke7 15. Nxg4 Rxg4 16. c3 Bh6 17. f3 Rg6 18. g4 Bg5 19. Rad1 Rh8 20. Rd2 h5 21. Rg2 f6 22. Rd1 hxg4 23. Rxg4 Rh3 24. Nd2 Rgh6 25. Rg2 Rh8 26. Bf1 R3h7 27. Nc4 Rh3 28. Rd3 Kf8 29. Nxd6 Bh4 30. Rg4 1-0